| 000 | 00823nam a2200205 a 4500 | ||
|---|---|---|---|
| 001 | 48315 | ||
| 005 | 20180714032600.0 | ||
| 008 | 140415s1981 sp 000 0 spa d | ||
| 020 | _a8475098045 | ||
| 041 | _aspa | ||
| 082 |
_a616.8982 _bTUS |
||
| 100 | 1 | _aTUSTIN, FRANCES | |
| 245 | 1 | 0 | _aESTADOS AUTISTICOS EN LOS NIÑOS |
| 250 | _a1a ed. | ||
| 260 |
_aESPAÑA : _bPAIDOS IBERICA, _c1981 |
||
| 300 |
_a323 _c15.7 x 2 x 22 |
||
| 520 | _aESTE LIBRO SE OCUPA DE LA TERAPIA DE LA PSICOSIS INFANTIL DE ORIGEN PSICÓGENO. CON EL FIN DE PROPORCIONAR ORIENTACIÓN RESPECTO DE LAS NECESIDADES TERAPÉUTICAS Y LAS PERSPECTIVAS DE LOS NIÑOS PSICÓTICOS, TRAZA UN ESBOZO DE LA CLASIFICACIÓN BASADO EN EL RECONOCIMIENTO DEL AUTISMO PATOLÓGICO. | ||
| 650 | 1 | 4 | _aAUTISMO |
| 740 | _aAUTISTIC STATES IN CHILDREN | ||
| 999 |
_c48315 _d48315 |
||